000
00295nam a22001097a 4500
008
170112b xxu||||| |||| 00| 0 eng d
020
_a
9780781744263
041
_a
eng
080
_2
5TH
_a
618.2
245
_a
MEDICAL DICTIONARY FOR THE HEALTH PROFESSIONS AND NURSING
_c
LIPPINCOT, W
942
_2
udc
_c
BK
999
_c
2807
_d
2807